000 00369nam a2200157Ia 4500
008 151213s9999 xx 000 0 und d
100 _aEugeme O' Neil
245 _aPenguin Plays
_cEugeme O' Neil
250 _a1st
260 _aU. K.
_bPenguing Book
_c1922
300 _a4511 p.
650 _aEnglish
650 _aPlays
700 _aEugeme O' Neil
999 _c2886
_d2886